| 000 | 01069ncm a2200265 a 4500 | ||
|---|---|---|---|
| 100 |
_aПипков, Любомир Панайотов _d1904-1974 _eпърви автор _9428881 |
||
| 999 |
_c349578 _d349578 |
||
| 003 | BLK | ||
| 005 | 20230802005159.0 | ||
| 008 | 200325b bu ||||| |||| 00| 0 bu d | ||
| 040 | _aBLK | ||
| 041 |
_aBUL _cBUL |
||
| 080 |
_aКамерна вок. муз. Песни, балади, арии, романси _b784.3 _z784.3 |
||
| 139 |
_aПипков, Любомир _bП 52 |
||
| 245 |
_aДве балади _bЗа нисък глас и пиано _cЛюбомир Пипков |
||
| 260 |
_aСофия _c1956 |
||
| 300 |
_a16 с. _c32 см |
||
| 380 | _a7 | ||
| 505 |
_gОп. 6, N 3 _rТекст Никола Фурнаджиев _tКонници |
||
| 505 |
_gОп. 38, N 2 _rТекст Давид Овадия _tМечтата на партизанина |
||
| 650 | 0 |
_9276897 _aВокална музика |
|
| 653 | 7 |
_9193730 _aпиано |
|
| 852 |
_aЦб М II 2 _bИП |
||
| 942 |
_cNOT _n0 _s1 |
||
| 944 |
_c2020-03-25 _k _lCRON CRON |
||